Statistics for Countries that borders Azerbaijan by their official names.

Click here to take the quiz!

General Stats

  • This quiz has been taken 15 times
  • The average score is 3 of 5

Answer Stats

Country% Correct
Georgia
80%
Russian Federation
80%
Republic of Armenia
67%
Republic of Türkiye
47%
Islamic Republic of Iran
40%

Score Distribution

Percentile by Number Answered

Percent of People with Each Score

Your Score History

You have not taken this quiz